| 000 | 00744cam a22002411 4500 | ||
|---|---|---|---|
| 001 | he 68001214 | ||
| 003 | DLC | ||
| 005 | 20260227111457.0 | ||
| 008 | 840213s1965 is abc 000 0 heb | ||
| 010 | _ahe 68001214 | ||
| 035 | _a(OCoLC)19206372 | ||
| 040 |
_aDLC _cMH _dCU _dDLC |
||
| 042 | _apremarc | ||
| 050 | 0 | 0 |
_aDS110.N24 _bS4 |
| 245 | 0 | 0 |
_aSefer Naḥalat Yehudah / _cha-ʻorekh Meʼir Ḥovav... |
| 260 |
_a[Nahalat Yehudah] : _bha-Moʻatsah ha-meḳomit Naḥalat Yehudah, _c[1965] |
||
| 300 |
_a193 p. : _bill. (part col.) map, ports. ; _c24 cm. |
||
| 500 | _a"La-yovel ha-50." | ||
| 651 | 0 | _aNaḥalat Yehudah (Israel) | |
| 700 | 1 | _aHovav, Meir. | |
| 710 | 1 | _aNaḥalat Yehudah (Israel) | |
| 752 |
_aIsrael _dNaḥalat Yehudah |
||
| 999 |
_c33217 _d33217 |
||